000
00327nam a2200145Ia 4500
008
150201s1999 xx 000 0 und d
082
_a
615.1
_b
D1999D
100
_a
DONJON
245
_a
MOSBYS OTC DRUGS
250
_a
1ST
260
_b
MOSBY
_a
DELHI
_c
1999
300
_a
1-446
650
_a
GENERAL DENTISTRY
942
_2
ddc
_c
BK
999
_c
4024
_d
4024